[Event "DEM U14w 2023"]
[Site "Willingen GER"]
[Date "2023.06.01"]
[Round "7"]
[White "Moldovan, Stela"]
[Black "Chandrasekher, Ritu"]
[Result "1-0"]
[Termination "normal"]
[Board "10"]
[WhiteElo "1335"]
[BlackElo "1268"]
[WhiteClock "00:27:37"]
[BlackClock "00:04:42"]
[PlyCount "177"]
[WhiteFideId "16287380"]
[BlackFideId "34609024"]
[EventCountry "GER"]
[EventRounds "9"]
[EventType "swiss"]
[EventDate "2023.05.27"]

1. d4 {[%emt 00:00:09]} d5 {[%clk 01:30:46]} {[%emt 00:00:09]} 2. Nf3 {[%clk
01:31:19]} {[%emt 00:00:07]} Nf6 {[%clk 01:31:03]} {[%emt 00:00:13]} 3. e3
{[%clk 01:31:22]} c5 {[%clk 01:31:16]} {[%emt 00:00:44]} 4. b3 {[%emt
00:00:19]} cxd4 {[%clk 01:31:22]} {[%emt 00:00:14]} 5. exd4 {[%clk 01:31:44]}
Nc6 {[%clk 01:31:39]} {[%emt 00:00:42]} 6. Bb2 {[%clk 01:31:34]} Bg4 {[%clk
01:30:52]} {[%emt 00:01:57]} 7. Nbd2 {[%clk 01:28:39]} e6 {[%clk 01:30:33]}
{[%emt 00:04:14]} 8. Be2 {[%clk 01:28:46]} Bd6 {[%emt 00:02:49]} 9. O-O {[%clk
01:27:44]} {[%emt 00:00:25]} O-O {[%clk 01:29:20]} {[%emt 00:00:54]} 10. h3
{[%clk 01:25:02]} {[%emt 00:03:12]} Bh5 {[%clk 01:27:31]} {[%emt 00:02:19]} 11.
Ne5 {[%clk 01:23:31]} {[%emt 00:02:01]} Bxe2 {[%clk 01:24:45]} {[%emt
00:03:15]} 12. Qxe2 {[%clk 01:22:27]} {[%emt 00:01:34]} Rc8 {[%clk 01:22:55]}
{[%emt 00:02:21]} 13. c4 {[%clk 01:20:26]} {[%emt 00:02:31]} dxc4 {[%clk
01:20:10]} {[%emt 00:03:15]} 14. Ndxc4 {[%clk 01:19:27]} {[%emt 00:01:30]} Bb4
{[%clk 01:19:02]} {[%emt 00:01:37]} 15. Rfd1 {[%clk 01:17:22]} {[%emt
00:02:32]} Nd5 {[%clk 01:17:16]} {[%emt 00:02:18]} 16. Rac1 {[%clk 01:15:57]}
{[%emt 00:01:48]} Qg5 {[%clk 01:11:46]} {[%emt 00:06:06]} 17. Qf3 {[%clk
01:11:40]} {[%emt 00:04:36]} Nf4 {[%clk 01:07:22]} {[%emt 00:05:06]} 18. Kh1
{[%clk 01:09:47]} {[%emt 00:02:21]} b5 {[%clk 01:01:20]} {[%emt 00:06:36]} 19.
Nxc6 {[%clk 01:05:34]} {[%emt 00:04:43]} Rxc6 {[%clk 00:59:22]} {[%emt
00:02:27]} 20. Qxc6 {[%clk 01:04:18]} {[%emt 00:01:46]} bxc4 {[%clk 00:59:35]}
{[%emt 00:00:18]} 21. Rxc4 {[%clk 01:04:09]} {[%emt 00:00:38]} Be7 {[%clk
00:54:44]} {[%emt 00:05:20]} 22. Qf3 {[%clk 01:03:17]} {[%emt 00:01:14]} Rd8
{[%clk 00:53:38]} {[%emt 00:01:45]} 23. Bc1 {[%clk 01:02:39]} {[%emt 00:01:05]}
e5 {[%clk 00:51:36]} {[%emt 00:02:36]} 24. g3 {[%clk 01:01:53]} {[%emt
00:01:14]} exd4 {[%clk 00:51:09]} {[%emt 00:00:58]} 25. Qxf4 {[%clk 01:01:19]}
{[%emt 00:01:04]} Qh5 {[%clk 00:49:55]} {[%emt 00:01:43]} 26. Qg4 {[%clk
01:01:33]} {[%emt 00:00:14]} Qe5 {[%clk 00:49:04]} {[%emt 00:01:23]} 27. Rcxd4
{[%clk 01:00:34]} {[%emt 00:01:30]} Rf8 {[%clk 00:48:43]} {[%emt 00:00:51]} 28.
Bf4 {[%clk 00:58:17]} {[%emt 00:02:41]} Qa5 {[%clk 00:48:01]} {[%emt 00:01:15]}
29. Ra4 {[%clk 00:56:43]} {[%emt 00:02:06]} Qb6 {[%clk 00:47:49]} {[%emt
00:00:43]} 30. Be3 {[%clk 00:56:43]} {[%emt 00:00:24]} Qb5 {[%clk 00:47:20]}
{[%emt 00:01:05]} 31. Rxa7 {[%clk 00:55:48]} {[%emt 00:01:25]} Bf6 {[%clk
00:47:42]} {[%emt 00:00:08]} 32. Bd4 {[%clk 00:54:45]} {[%emt 00:01:28]} Bxd4
{[%clk 00:47:53]} {[%emt 00:00:25]} 33. Qxd4 {[%clk 00:55:02]} {[%emt
00:00:12]} Qe2 {[%clk 00:47:43]} {[%emt 00:00:40]} 34. Rd7 {[%clk 00:53:14]}
{[%emt 00:02:15]} Qf3+ {[%clk 00:47:09]} {[%emt 00:01:07]} 35. Kh2 {[%clk
00:52:39]} {[%emt 00:01:00]} g6 {[%clk 00:47:15]} {[%emt 00:00:29]} 36. Rd8
{[%clk 00:52:28]} {[%emt 00:00:36]} Rxd8 {[%clk 00:47:22]} {[%emt 00:00:28]}
37. Qxd8+ {[%clk 00:52:50]} {[%emt 00:00:08]} Kg7 {[%clk 00:47:44]} {[%emt
00:00:09]} 38. Qd4+ {[%clk 00:53:09]} {[%emt 00:00:10]} Kg8 {[%clk 00:47:44]}
{[%emt 00:00:30]} 39. Qe3 {[%clk 00:53:26]} {[%emt 00:00:11]} Qxd1 {[%clk
00:47:48]} {[%emt 00:00:27]} 40. a4 {[%clk 00:53:06]} {[%emt 00:00:52]} Qd7
{[%clk 00:47:59]} {[%emt 00:00:18]} 41. Qb6 {[%clk 00:52:29]} {[%emt 00:01:02]}
Qd5 {[%clk 00:46:55]} {[%emt 00:01:39]} 42. a5 {[%clk 00:52:30]} {[%emt
00:00:28]} h5 {[%clk 00:46:06]} {[%emt 00:01:19]} 43. h4 {[%clk 00:52:36]}
{[%emt 00:00:24]} g5 {[%clk 00:45:37]} {[%emt 00:00:59]} 44. hxg5 {[%clk
00:51:45]} {[%emt 00:01:22]} Qxg5 {[%clk 00:43:19]} {[%emt 00:02:48]} 45. a6
{[%clk 00:51:15]} {[%emt 00:01:00]} h4 {[%clk 00:43:06]} {[%emt 00:00:42]} 46.
Qb8+ {[%clk 00:50:55]} {[%emt 00:01:57]} Kh7 {[%clk 00:42:14]} {[%emt
00:00:14]} 47. Qf4 {[%clk 00:46:35]} {[%emt 00:04:41]} hxg3+ {[%clk 00:39:26]}
{[%emt 00:03:28]} 48. fxg3 {[%clk 00:46:23]} {[%emt 00:00:42]} Qd5 {[%clk
00:38:59]} {[%emt 00:00:57]} 49. Qc4 {[%clk 00:40:07]} {[%emt 00:06:46]} Qd2+
{[%clk 00:36:57]} {[%emt 00:02:32]} 50. Kh3 {[%clk 00:40:31]} {[%emt 00:00:05]}
Kg7 {[%clk 00:34:36]} {[%emt 00:02:51]} 51. a7 {[%clk 00:39:07]} {[%emt
00:01:55]} Qh6+ {[%clk 00:33:49]} {[%emt 00:01:16]} 52. Qh4 {[%clk 00:39:27]}
{[%emt 00:00:11]} Qc6 {[%clk 00:32:06]} {[%emt 00:01:12]} 53. Qd4+ {[%clk
00:38:14]} {[%emt 00:02:39]} Kg6 {[%clk 00:27:46]} {[%emt 00:04:54]} 54. Kg4
{[%clk 00:33:48]} {[%emt 00:04:53]} Qc8+ {[%clk 00:24:24]} {[%emt 00:03:56]}
55. Kf3 {[%clk 00:33:22]} {[%emt 00:00:45]} Qf5+ {[%clk 00:23:45]} {[%emt
00:01:20]} 56. Ke3 {[%clk 00:31:59]} {[%emt 00:01:43]} Qg5+ {[%clk 00:23:02]}
{[%emt 00:01:23]} 57. Ke2 {[%clk 00:31:54]} {[%emt 00:00:23]} Qh5+ {[%clk
00:22:36]} {[%emt 00:01:07]} 58. Kd2 {[%clk 00:31:12]} {[%emt 00:01:01]} Qa5+
{[%clk 00:21:08]} {[%emt 00:01:38]} 59. Kd1 {[%clk 00:27:48]} {[%emt 00:04:12]}
Qh5+ {[%clk 00:20:34]} {[%emt 00:01:18]} 60. g4 {[%clk 00:28:08]} {[%emt
00:00:10]} Qh1+ {[%clk 00:20:36]} {[%emt 00:00:22]} 61. Kc2 {[%clk 00:28:16]}
{[%emt 00:00:27]} Qg2+ {[%clk 00:19:15]} {[%emt 00:01:52]} 62. Kc3 {[%clk
00:28:15]} {[%emt 00:00:21]} Qc6+ {[%clk 00:18:55]} {[%emt 00:00:58]} 63. Kb2
{[%clk 00:28:31]} {[%emt 00:00:13]} Qg2+ {[%clk 00:18:14]} {[%emt 00:01:15]}
64. Ka3 {[%clk 00:28:51]} {[%emt 00:00:09]} Qc6 {[%clk 00:16:46]} {[%emt
00:01:43]} 65. Qa4 {[%clk 00:28:30]} {[%emt 00:00:56]} Qc1+ {[%clk 00:15:47]}
{[%emt 00:01:32]} 66. Kb4 {[%clk 00:28:30]} {[%emt 00:00:30]} Qf4+ {[%clk
00:15:31]} {[%emt 00:00:52]} 67. Kb5 {[%clk 00:28:30]} {[%emt 00:00:28]} Qe5+
{[%clk 00:15:16]} {[%emt 00:00:48]} 68. Kb6 {[%clk 00:28:23]} {[%emt 00:00:25]}
Qe3+ {[%clk 00:15:24]} {[%emt 00:00:34]} 69. Kc7 {[%clk 00:28:12]} {[%emt
00:00:29]} Qe5+ {[%clk 00:14:45]} {[%emt 00:01:14]} 70. Kb6 {[%clk 00:28:01]}
{[%emt 00:00:41]} Qe3+ {[%clk 00:14:57]} {[%emt 00:00:23]} 71. Ka6 {[%clk
00:27:26]} {[%emt 00:01:01]} Qe6+ {[%clk 00:14:27]} {[%emt 00:01:05]} 72. Ka5
{[%clk 00:27:29]} {[%emt 00:00:17]} Qe5+ {[%clk 00:14:28]} {[%emt 00:00:41]}
73. Qb5 {[%clk 00:27:31]} {[%emt 00:00:20]} Qc3+ {[%clk 00:14:02]} {[%emt
00:01:02]} 74. b4 {[%clk 00:27:42]} {[%emt 00:00:19]} Qa1+ {[%clk 00:13:46]}
{[%emt 00:00:47]} 75. Kb6 {[%clk 00:28:02]} {[%emt 00:00:09]} Qd4+ {[%clk
00:13:58]} {[%emt 00:00:18]} 76. Ka6 {[%clk 00:27:35]} {[%emt 00:00:52]} Qa1+
{[%clk 00:13:19]} {[%emt 00:01:15]} 77. Qa5 {[%clk 00:27:54]} {[%emt 00:00:08]}
Qf1+ {[%clk 00:13:28]} {[%emt 00:00:17]} 78. b5 {[%clk 00:28:15]} {[%emt
00:00:15]} Qf3 {[%clk 00:12:40]} {[%emt 00:01:18]} 79. Qb6 {[%clk 00:28:05]}
{[%emt 00:00:19]} Kh7 {[%clk 00:12:11]} {[%emt 00:01:11]} 80. g5 {[%clk
00:27:11]} {[%emt 00:01:33]} Qa3+ {[%clk 00:12:08]} {[%emt 00:00:33]} 81. Qa5
{[%clk 00:27:01]} {[%emt 00:00:37]} Qd6+ {[%clk 00:12:09]} {[%emt 00:00:32]}
82. b6 {[%clk 00:27:23]} {[%emt 00:00:08]} Qd3+ {[%clk 00:12:16]} {[%emt
00:00:24]} 83. Qb5 {[%clk 00:27:34]} {[%emt 00:00:17]} Qa3+ {[%clk 00:09:36]}
{[%emt 00:03:12]} 84. Kb7 {[%clk 00:27:33]} {[%emt 00:00:31]} Qe7+ {[%clk
00:09:01]} {[%emt 00:01:00]} 85. Kc8 {[%clk 00:27:39]} {[%emt 00:00:12]} Qe6+
{[%clk 00:08:49]} {[%emt 00:00:58]} 86. Qd7 {[%clk 00:27:41]} {[%emt 00:00:18]}
Qc4+ {[%clk 00:09:05]} {[%emt 00:00:25]} 87. Kb8 {[%clk 00:27:42]} {[%emt
00:00:24]} Qb3 {[%clk 00:04:34]} {[%emt 00:05:07]} 88. a8=Q {[%clk 00:27:20]}
{[%emt 00:00:52]} Qxb6+ {[%clk 00:04:42]} {[%emt 00:00:21]} 89. Qab7 {[%clk
00:27:37]} {[%emt 00:00:12]} 1-0

[Event "DEM U14w 2023"]
[Site "Willingen GER"]
[Date "2023.06.01"]
[Round "7"]
[White "Lorenz, Rebecca"]
[Black "Dodul, Alice"]
[Result "0-1"]
[Termination "normal"]
[Board "11"]
[WhiteElo "770"]
[BlackElo "1430"]
[WhiteClock "00:49:11"]
[BlackClock "00:53:10"]
[PlyCount "66"]
[WhiteFideId "34610944"]
[BlackFideId "34623817"]
[EventCountry "GER"]
[EventRounds "9"]
[EventType "swiss"]
[EventDate "2023.05.27"]

1. e4 {[%clk 01:30:59]} e5 {[%clk 01:30:56]} {[%emt 00:00:05]} 2. Nf3 {[%clk
01:31:23]} {[%emt 00:00:06]} Nc6 {[%clk 01:31:22]} {[%emt 00:00:03]} 3. Nc3
{[%clk 01:31:29]} {[%emt 00:00:24]} Bc5 {[%clk 01:31:15]} {[%emt 00:00:37]} 4.
Bc4 {[%clk 01:31:24]} {[%emt 00:00:36]} Nf6 {[%clk 01:31:37]} {[%emt 00:00:08]}
5. O-O {[%clk 01:31:38]} {[%emt 00:00:16]} d6 {[%clk 01:32:00]} {[%emt
00:00:07]} 6. d3 {[%clk 01:31:18]} {[%emt 00:00:50]} Bg4 {[%clk 01:32:16]}
{[%emt 00:00:14]} 7. Re1 {[%clk 01:31:02]} {[%emt 00:00:45]} Nd4 {[%clk
01:32:12]} {[%emt 00:00:35]} 8. Be3 {[%clk 01:29:31]} {[%emt 00:01:51]} Nxf3+
{[%clk 01:29:09]} {[%emt 00:03:42]} 9. gxf3 {[%clk 01:29:22]} {[%emt 00:00:38]}
Bh3 {[%clk 01:29:12]} {[%emt 00:00:28]} 10. Kh1 {[%clk 01:23:00]} {[%emt
00:06:51]} Qe7 {[%clk 01:26:44]} {[%emt 00:03:00]} 11. Rg1 {[%clk 01:21:17]}
{[%emt 00:02:12]} Rg8 {[%clk 01:24:54]} {[%emt 00:02:21]} 12. Rg3 {[%clk
01:20:33]} {[%emt 00:01:12]} Qd7 {[%clk 01:23:11]} {[%emt 00:02:14]} 13. a3
{[%clk 01:18:48]} {[%emt 00:02:16]} h6 {[%clk 01:20:06]} {[%emt 00:03:35]} 14.
b4 {[%clk 01:17:44]} {[%emt 00:01:34]} Bb6 {[%clk 01:19:09]} {[%emt 00:01:28]}
15. a4 {[%clk 01:15:36]} {[%emt 00:02:37]} g5 {[%clk 01:17:17]} {[%emt
00:02:22]} 16. a5 {[%clk 01:12:54]} {[%emt 00:03:12]} Bd4 {[%clk 01:17:31]}
{[%emt 00:00:15]} 17. Bxd4 {[%clk 01:12:34]} {[%emt 00:00:50]} exd4 {[%clk
01:17:43]} {[%emt 00:00:19]} 18. Nd5 {[%clk 01:12:55]} {[%emt 00:00:09]} Nh5
{[%clk 01:16:00]} {[%emt 00:02:13]} 19. Rg1 {[%clk 01:12:05]} {[%emt 00:01:19]}
c6 {[%clk 01:15:38]} {[%emt 00:00:52]} 20. f4 {[%clk 01:05:53]} {[%emt
00:06:41]} g4 {[%clk 01:14:23]} {[%emt 00:01:46]} 21. f5 {[%clk 01:03:52]}
{[%emt 00:02:29]} cxd5 {[%clk 01:13:34]} {[%emt 00:01:22]} 22. Bxd5 {[%clk
01:03:43]} {[%emt 00:00:38]} Nf6 {[%clk 01:11:17]} {[%emt 00:02:47]} 23. Bb3
{[%clk 01:02:00]} {[%emt 00:02:13]} O-O-O {[%clk 01:09:30]} {[%emt 00:02:17]}
24. f3 {[%clk 01:01:07]} {[%emt 00:01:23]} Rde8 {[%clk 01:04:25]} {[%emt
00:05:35]} 25. Ba4 {[%clk 01:00:33]} {[%emt 00:01:04]} Qe7 {[%clk 01:04:05]}
{[%emt 00:00:50]} 26. Bxe8 {[%clk 01:00:10]} {[%emt 00:00:53]} Qxe8 {[%clk
01:04:05]} {[%emt 00:00:31]} 27. Qe2 {[%clk 00:59:28]} {[%emt 00:01:09]} Qe5
{[%clk 01:02:01]} {[%emt 00:02:36]} 28. Rac1 {[%clk 00:57:34]} {[%emt
00:02:24]} Qf4 {[%clk 00:57:30]} {[%emt 00:05:01]} 29. Qf2 {[%clk 00:55:42]}
{[%emt 00:02:20]} gxf3 {[%clk 00:54:35]} {[%emt 00:03:27]} 30. c4 {[%clk
00:51:07]} {[%emt 00:05:05]} Bg2+ {[%clk 00:52:06]} {[%emt 00:02:58]} 31. Rxg2
{[%clk 00:50:13]} {[%emt 00:01:24]} fxg2+ {[%clk 00:52:28]} {[%emt 00:00:08]}
32. Qxg2 {[%clk 00:48:54]} {[%emt 00:01:49]} Qxc1+ {[%clk 00:52:47]} {[%emt
00:00:12]} 33. Qg1 {[%clk 00:49:11]} {[%emt 00:00:13]} Rxg1# {[%clk 00:53:10]}
{[%emt 00:00:07]} 0-1

[Event "DEM U14w 2023"]
[Site "Willingen GER"]
[Date "2023.06.01"]
[Round "7"]
[White "Rabe, Elina"]
[Black "Hoffmann, Svenja"]
[Result "0-1"]
[Termination "normal"]
[Board "12"]
[WhiteElo "1066"]
[BlackElo "1491"]
[WhiteClock "01:04:15"]
[BlackClock "01:17:31"]
[PlyCount "28"]
[WhiteFideId "34623531"]
[BlackFideId "16287312"]
[EventCountry "GER"]
[EventRounds "9"]
[EventType "swiss"]
[EventDate "2023.05.27"]

1. e4 {[%clk 01:30:58]} {[%emt 00:00:02]} c5 {[%clk 01:30:47]} {[%emt
00:00:13]} 2. Nf3 {[%clk 01:31:15]} {[%emt 00:00:13]} Nc6 {[%clk 01:31:02]}
{[%emt 00:00:15]} 3. d4 {[%clk 01:31:00]} {[%emt 00:00:44]} cxd4 {[%clk
01:31:19]} {[%emt 00:00:14]} 4. Nxd4 {[%clk 01:30:55]} {[%emt 00:00:35]} Nf6
{[%clk 01:30:55]} {[%emt 00:00:54]} 5. Nc3 {[%clk 01:30:21]} {[%emt 00:01:05]}
e6 {[%clk 01:30:34]} {[%emt 00:00:50]} 6. e5 {[%clk 01:29:31]} {[%emt
00:01:19]} Nxe5 {[%clk 01:28:26]} {[%emt 00:02:39]} 7. f4 {[%clk 01:29:45]}
{[%emt 00:00:15]} Nc6 {[%clk 01:27:30]} {[%emt 00:01:27]} 8. Be3 {[%clk
01:27:36]} {[%emt 00:02:38]} Bb4 {[%clk 01:26:48]} {[%emt 00:01:12]} 9. Nxc6
{[%clk 01:25:14]} {[%emt 00:02:52]} bxc6 {[%clk 01:26:01]} {[%emt 00:01:18]}
10. Bd2 {[%clk 01:22:00]} {[%emt 00:03:43]} Qb6 {[%clk 01:24:38]} {[%emt
00:01:54]} 11. Qf3 {[%clk 01:13:33]} {[%emt 00:08:55]} O-O {[%clk 01:21:26]}
{[%emt 00:03:44]} 12. a3 {[%clk 01:11:43]} {[%emt 00:02:21]} Qa5 {[%clk
01:19:38]} {[%emt 00:02:17]} 13. Bd3 {[%clk 01:06:54]} {[%emt 00:05:18]} e5
{[%clk 01:18:42]} {[%emt 00:01:28]} 14. O-O {[%clk 01:04:15]} {[%emt 00:03:08]}
Qb6+ {[%clk 01:17:31]} {[%emt 00:01:41]} 0-1

[Event "DEM U14w 2023"]
[Site "Willingen GER"]
[Date "2023.06.01"]
[Round "7"]
[White "Ignatova, Gabriela"]
[Black "Abram, Kristina-Maria"]
[Result "1/2-1/2"]
[Termination "normal"]
[Board "13"]
[WhiteElo "1146"]
[BlackElo "1228"]
[WhiteClock "01:11:26"]
[BlackClock "01:20:31"]
[PlyCount "40"]
[WhiteFideId "34623698"]
[BlackFideId "16298349"]
[EventCountry "GER"]
[EventRounds "9"]
[EventType "swiss"]
[EventDate "2023.05.27"]

1. d4 {[%clk 01:30:49]} {[%emt 00:00:11]} d5 {[%clk 01:30:45]} {[%emt
00:00:14]} 2. Nc3 {[%clk 01:31:09]} {[%emt 00:00:10]} Nf6 {[%clk 01:31:05]}
{[%emt 00:00:10]} 3. Bf4 {[%clk 01:31:25]} {[%emt 00:00:14]} a6 {[%clk
01:31:01]} {[%emt 00:00:35]} 4. e3 {[%clk 01:31:24]} {[%emt 00:00:30]} Bf5
{[%clk 01:31:17]} {[%emt 00:00:14]} 5. f3 {[%clk 01:31:24]} {[%emt 00:00:31]}
e6 {[%clk 01:31:14]} {[%emt 00:00:32]} 6. g4 {[%clk 01:31:08]} {[%emt
00:00:46]} Bg6 {[%clk 01:31:22]} {[%emt 00:00:22]} 7. h4 {[%clk 01:30:50]}
{[%emt 00:00:48]} h5 {[%clk 01:31:28]} {[%emt 00:00:24]} 8. g5 {[%clk
01:28:55]} {[%emt 00:02:25]} Nfd7 {[%clk 01:31:51]} {[%emt 00:00:07]} 9. a3
{[%clk 01:26:30]} {[%emt 00:02:56]} f6 {[%clk 01:32:03]} {[%emt 00:00:18]} 10.
Bd3 {[%clk 01:23:36]} {[%emt 00:03:25]} Bxd3 {[%clk 01:31:59]} {[%emt
00:00:32]} 11. Qxd3 {[%clk 01:23:29]} {[%emt 00:00:38]} f5 {[%clk 01:29:18]}
{[%emt 00:03:10]} 12. e4 {[%clk 01:21:32]} {[%emt 00:02:28]} dxe4 {[%clk
01:29:06]} {[%emt 00:00:40]} 13. fxe4 {[%clk 01:21:46]} {[%emt 00:00:18]} g6
{[%clk 01:29:29]} {[%emt 00:00:07]} 14. Nf3 {[%clk 01:20:35]} {[%emt 00:01:41]}
Bd6 {[%clk 01:27:30]} {[%emt 00:02:29]} 15. Bxd6 {[%clk 01:19:03]} {[%emt
00:02:01]} cxd6 {[%clk 01:27:45]} {[%emt 00:00:15]} 16. exf5 {[%clk 01:16:47]}
{[%emt 00:02:46]} gxf5 {[%clk 01:25:42]} {[%emt 00:02:32]} 17. O-O-O {[%clk
01:13:57]} {[%emt 00:03:20]} Nc6 {[%clk 01:24:27]} {[%emt 00:01:45]} 18. d5
{[%clk 01:12:48]} {[%emt 00:01:40]} Nce5 {[%clk 01:23:51]} {[%emt 00:01:06]}
19. Nxe5 {[%clk 01:11:37]} {[%emt 00:01:42]} Nxe5 {[%clk 01:24:05]} {[%emt
00:00:17]} 20. Qd4 {[%clk 01:11:26]} {[%emt 00:00:35]} Rf8 {[%clk 01:20:31]}
{[%emt 00:04:08]} 1/2-1/2